guess the arctic monkeys song with no hints - Statistics

General Stats
  • This quiz has been taken 462 times
  • The average score is 59 of 191
Answer Stats
Answer % Correct
I
96%
a
94%
you
93%
The
82%
the
82%
your
71%
to
65%
on
64%
And
61%
and
61%
no
59%
in
55%
where
51%
Why
49%
for
47%
For
47%
of
45%
If
44%
if
44%
they
44%
have
40%
that
40%
not
39%
it's
37%
its
37%
time
37%
by
36%
one
36%
this
33%
This
33%
us
32%
at
30%
up
29%
could
28%
get
28%
out
28%
call
26%
ever
26%
As
24%
been
24%
just
24%
car
23%
from
22%
I'll
22%
I've
22%
some
22%
them
22%
thought
21%
feel
20%
last
20%
Still
20%
down
19%
Hello
19%
road
19%
stop
19%
Read
18%
times
17%
left
16%
long
16%
before
15%
more
15%
into
14%
little
14%
There's
14%
end
13%
show
13%
goodbye?
12%
home
12%
Lego
12%
movie
12%
start
12%
enough
11%
Napoleon
11%
apologise
10%
around
10%
dragging
10%
ought
10%
right
10%
thank
10%
ball
9%
business
9%
glass
9%
gruesome
9%
noble
9%
pass
9%
swing
9%
Taking
9%
Vortex
9%
vortex
9%
Written
9%
admit
8%
again
8%
card
8%
catch
8%
crystal
8%
dive
8%
Hasn't
8%
pull
8%
pumped
8%
re-address
8%
sparks
8%
tubes
8%
Underlined
8%
elaborate
7%
message
7%
rewind
7%
stories
7%
waking
7%
Z's
7%
beaches
6%
Club?
6%
fruitlessly
6%
gas-filled
6%
moment
6%
seventeen
6%
Shall
6%
shave
6%
Waiting
6%
boulevard
5%
burn
5%
chapter
5%
country
5%
daze
5%
electric
5%
harmonies
5%
kind
5%
lane
5%
level
5%
motorcade
5%
Overtaking
5%
rubber
5%
Snooker
5%
specialising
5%
thoughtful
5%
tractor
5%
along
4%
bends
4%
leaves
4%
meandering
4%
reaches
4%
sets
4%
warrior's
4%
winds
4%
Picking
3%
Rawborough
3%
snorkeled
3%
No matching quizzes found
Score Distribution
Percent of People with Each Score
Percentile by Number Answered
Your Score History
You have not taken this quiz